Giáo trình lịch sử văn học Trung Quốc; T2

Tallennettuna:
Bibliografiset tiedot
Päätekijä: Trương Chính
Aineistotyyppi: Kirja
Kieli:Undetermined
Julkaistu: Hà Nội Giáo dục 1963
Aiheet:
Tagit: Lisää tagi
Ei tageja, Lisää ensimmäinen tagi!
Thư viện lưu trữ: Trung tâm Học liệu Trường Đại học Cần Thơ
LEADER 00540nam a2200169Ia 4500
001 CTU_8252
008 210402s9999 xx 000 0 und d
082 |a 895.109 
082 |b Ch312/T.2 
100 |a Trương Chính 
245 0 |a Giáo trình lịch sử văn học Trung Quốc; T2 
245 0 |c Trương Chính, Lương Duy Thứ 
260 |a Hà Nội 
260 |b Giáo dục 
260 |c 1963 
650 |a chinese literature - history and criticism 
980 |a Trung tâm Học liệu Trường Đại học Cần Thơ